000 00803nam a2200253Ia 4500
001 Z_2303
003 CHAP
008 220113s2007 xx 000 0 und d
010 _a165359
040 _cCHAP
090 _aTesis G 1452
100 _aGómez Camarillo, Claudia del Rocío
_949635
245 _aEfecto residual de cobre en tejidos y excretas de pollo de engorda suplementados con sulfato de cobre y bioplex /
_cClaudia Rocío Gómez Camarillo y Juan Carlos Reyes Campos
260 _aChapingo, Méx. :
_bEl autor,
_c2007
300 _a56 h.
502 _aTesis (Ing. Agr. Esp. en Zootecnia) -- UACH. Departamento de Zootecnia
700 _aReyes Campos, Juan Carlos
_996761
901 _aTESIS G 1452
902 _aM
910 _a2007
942 _c2
942 _c2
999 _c165359
_d165359